| 000 | 00944nam a22002175i 4500 | ||
|---|---|---|---|
| 001 | 162119 | ||
| 003 | ES-MaACL | ||
| 005 | 20250905135301.0 | ||
| 008 | 041103s1884 fr |||| | fre d | ||
| 040 |
_aCAM _bspa _cCAM |
||
| 100 | 1 |
_aPierson, Paul. _9131152 |
|
| 245 | 1 | 0 |
_aMétrique naturelle du langage / _cpar Paul Pierson ; avec une notice préliminaire par Gaston Paris. |
| 260 |
_aParis : _bF. Vieweg, _c1884 ( _eChartres : _fImprimerie Durand Frères) |
||
| 300 |
_aXXXVII, 260, [2] p. ; _c24 cm. |
||
| 490 | 1 |
_aBibliothéque de l'école des hautes études. Sciences philologiques et historiques ; _vfasc. 56 |
|
| 650 | 4 |
_aLenguaje- _xRitmo. _9146179 |
|
| 700 | 1 |
_aParis, Gaston, _d1839-1903 _989136 |
|
| 830 | 0 | 0 |
_aBibliothèque de l'École des Hautes Études. Sciences historiques et philologiques _vfasc. 56 _9229685 |
| 852 |
_aES-MaACL _jC-7590 _z-- Enc. hol., conservando la cub. original |
||
| 999 |
_c162119 _d162119 |
||